| 000 | 02098nam a2200349Ia 4500 | ||
|---|---|---|---|
| 001 | ebr10124672 | ||
| 003 | CaPaEBR | ||
| 006 | m u | ||
| 007 | cr cn||||||||| | ||
| 008 | 020613s2003 nyua sb 001 0 eng d | ||
| 010 | _z 2002073609 | ||
| 020 | _z0511187645 | ||
| 020 | _z0521811643 | ||
| 040 |
_aCaPaEBR _cCaPaEBR |
||
| 035 | _a(OCoLC)228138750 | ||
| 050 | 1 | 4 |
_aQC793.3.Q35 _bN34 2003eb |
| 082 | 0 | 4 |
_a539.7/548 _221 |
| 100 | 1 | _aNarison, S. | |
| 245 | 1 | 0 |
_aQCD as a theory of hadrons _h[electronic resource] : _bfrom partons to confinement / _cStephan Narison. |
| 260 |
_aNew York : _bCambridge University Press, _c2003. |
||
| 300 |
_axxxii, 779 p. : _bill. |
||
| 490 | 1 | _aCambridge monographs on particle physics, nuclear physics, and cosmology | |
| 504 | _aIncludes bibliographical references and index. | ||
| 505 | 0 | _aPt. I. General introduction -- Pt. II. QCD gauge theory -- Pt. III. MS scheme for QCD and QED -- Pt. IV. Deep inelastic scatterings at hadron colliders -- Pt. V. Hard processes in e[superscript +]e[superscript -] collisions -- Pt. VI. Summary of QCD tests and [alpha][subscript s] measurements -- Pt. VII. Power corrections in QCD -- Pt. VIII. QCD two-point functions -- Pt. IX. QCD non-perturbative methods -- Pt. X. QCD spectral sum rules -- Pt. XI. Appendices -- App. A. Physical constants and units -- App. B. Weight factors for SU(N)[subscript c] -- App. C. Coordinates and momenta -- App. D. Dirac equation and matrices -- App. E. Feynman rules -- App. F. Feynman integrals -- App. G. Useful formulae for the sum rules. | |
| 533 |
_aElectronic reproduction. _bPalo Alto, Calif. : _cebrary, _d2009. _nAvailable via World Wide Web. _nAccess may be limited to ebrary affiliated libraries. |
||
| 650 | 0 | _aQuantum chromodynamics. | |
| 650 | 0 | _aHadrons. | |
| 655 | 7 |
_aElectronic books. _2local |
|
| 710 | 2 | _aebrary, Inc. | |
| 830 | 0 | _aCambridge monographs on particle physics, nuclear physics, and cosmology. | |
| 856 | 4 | 0 |
_uhttp://site.ebrary.com/lib/rucke/Doc?id=10124672 _zAn electronic book accessible through the World Wide Web; click to view |
| 999 |
_c108992 _d108992 |
||